000
00293nam a22001217a 4500
008
190313b xxu||||| |||| 00| 0 eng d
041
_a
eng
080
_a
043.3
100
_a
0
101
_a
INI-BA
245
_a
Organizimi i ndërtimit të objektit shumebanesor
_c
Mehmeti,S
942
_2
udc
_c
BK
999
_c
54735
_d
54735